00271nam a2200109Ia 4500008004100000041000800041082001500049100001000064245003500074260003300109300001900142241015s9999 xx 000 0 und d aeng a005.54 HYM aHyman aMicrosoft Power Bi For Dummies bWiley IndiaaNew Delhic2022 a402;. P. 23 cm